Barcelona : espais urbans 1981-1996 espais urbans 1981-1996
Descripción Física:
1 desplegable : il., mapes ; 30 x 120 cm pleg. en 30 x 13 cm
MARC
| LEADER | 00000nam a2200000Ia 4500 | ||
|---|---|---|---|
| 001 | 15513 | ||
| 008 | 160829s1996 xx 000 0 cat d | ||
| 080 | |a FU-38-10 | ||
| 245 | |a Barcelona : |b espais urbans 1981-1996 | ||
| 260 | |a Barcelona : |b Ajuntament de Barcelona, |c 1996 | ||
| 300 | |a 1 desplegable : |b il., mapes ; |c 30 x 120 cm pleg. en 30 x 13 cm | ||
| 590 | |a Presenta 7 itineraris pels espais urbans de Barcelona, amb els plànos de localització, descripció de la zona i transport públic per arribar-hi | ||
| 650 | |a Espais públics |x Barcelona |9 31457 | ||
| 650 | |a Urbanisme |x Barcelona |x 1981/1996 |9 31458 | ||
| 650 | |a Barris |x Barcelona |x Descripcions i viatges |9 31459 | ||
| 710 | 1 | |a Barcelona (Catalunya). |b Ajuntament |9 50981 | |
| 901 | |a Arxiu | ||
| 942 | |n 1 | ||
| 952 | |0 0 |1 0 |4 0 |6 FU3810 |7 1 |9 45607 |a Arxiu |b Arxiu |d 2016-12-01 |l 0 |o FU-38-10 |p 15513 |r 2016-12-01 00:00:00 |w 2016-12-01 |y ARXIU | ||
| 999 | |c 49106 |d 49106 | ||